| 000 | 01409cam a2200361 a 4500 | ||
|---|---|---|---|
| 001 | 12013283 | ||
| 003 | LC | ||
| 005 | 20160322152230.0 | ||
| 008 | 000518s2000 nyu c 000 1 eng | ||
| 010 | _a 00034603 | ||
| 020 | _a9780439372749 | ||
| 040 |
_aDLC _cDLC |
||
| 042 | _alcac | ||
| 050 | 0 | 0 |
_aPZ 7 _b.B5338Sk 2000 |
| 082 | 0 | 0 |
_aFIC B56sc _b 2000 |
| 100 | 1 |
_aBlackwood, Gary L. _920494 |
|
| 245 | 1 | 0 |
_aShakespeare's scribe / _cGary Blackwood. |
| 250 | _a1st ed. | ||
| 260 |
_aNew York : _bDutton Children's Books, _c2000. |
||
| 300 |
_a265 p. ; _c22 cm. |
||
| 500 | _aSequel to: The Shakespeare stealer. | ||
| 520 | _aIn plague-ridden 1602 England, a fifteen-year-old orphan boy, who has become an apprentice actor, goes on the road with Shakespeare's troupe, and finds out more about his parents along the way. | ||
| 600 | 1 | 1 |
_aShakespeare, William, _d1564-1616 _vFiction. _920495 |
| 650 | 1 |
_aTheater _vFiction. _920496 |
|
| 650 | 1 |
_aOrphans _vFiction. _920497 |
|
| 650 | 1 |
_aActors and actresses _vFiction. _920498 |
|
| 650 | 1 |
_aPlague _zEngland _vFiction. _920499 |
|
| 651 | 1 |
_aGreat Britain _xHistory _yElizabeth, 1558-1603 _vFiction. _920500 |
|
| 906 |
_a7 _bcbc _corignew _d1 _eocip _f20 _gy-gencatlg |
||
| 942 |
_2lcc _cBK |
||
| 999 |
_c11526 _d11526 |
||